| 000 | 00544nam a2200193Ia 4500 | ||
|---|---|---|---|
| 999 |
_c3358 _d3358 |
||
| 003 | OSt | ||
| 005 | 20201014101707.0 | ||
| 008 | 190216s9999||||xx |||||||||||||| ||und|| | ||
| 020 | _a8178663384 | ||
| 040 | _coclc | ||
| 082 |
_a615.19 _bCHA/S |
||
| 100 |
_aChatwal, Gurdeep R _94120 |
||
| 245 | 0 |
_aSynthetic Drugs / _cGurdeep R Chatwal |
|
| 250 | _a6th Ed. | ||
| 260 |
_bHimalaya Publishing House, _aMumbai: _c2002. |
||
| 300 | _a516p | ||
| 650 | _aChemistry-Chemistry | ||
| 942 |
_cBK _2ddc _h615.19 _iCHA/S _k615.19 _mCHA/S |
||